| 000 | 00434nam a2200169 a 4500 | ||
|---|---|---|---|
| 005 | 20140310183322.0 | ||
| 008 | 060302s19uu xx 00 eng d | ||
| 020 | _a0425070530 | ||
| 050 |
_aPS 3569 _b.St912 1984 |
||
| 100 | _aStraub, Peter | ||
| 245 |
_aFloating dragon / _cPeter Straub. |
||
| 260 |
_aNew York : _bBerkley Books, _c1984. |
||
| 300 |
_a595 p. : _c18 cm. |
||
| 650 | _aFiction | ||
| 942 |
_cBK _2lcc |
||
| 999 |
_c21426 _d21426 |
||